Statistics for Science Fiction by Letter: H

Click here to take the quiz!

General Stats

  • This quiz has been taken 63 times
    (28 since last reset)
  • The average score is 11 of 20

Answer Stats

HintAnswer% Correct
Bruce Banner's alter ego.Hulk
93%
The author of the Dune series.Frank Herbert
89%
In this 2013 film, Joaquin Phoenix falls in love with his Siri-like A.I. in his phone.Her
82%
What was the name of the ice planet in The Empire Strikes Back?Hoth
79%
In Star Trek: The Next Generation, this room allowed people to explore virtual reality environments.Holodeck
68%
He is the author of Brave New World.Aldous Huxley
64%
What space-aged craft did Marty McFly ride in Back to the Future II?Hoverboard
64%
This 1985 dystopian novel by Margaret Atwood has been turned into a popular Hulu series.The Handmaid's Tale
64%
This is the sci fi video game series where Master Chief fights the Covenant.Halo
61%
This 2006 television series imagines if superheroes were just normal people born with gifts.Heroes
61%
In 2001: A Space Oddyssey, this A.I. refused to open the podbay doors.HAL 9000
57%
The house that plotted with the emperor to take back Arrakis from house Atreides.Harkonnen
57%
This was the part of the Millennium Falcon that needed repairs in The Empire Strikes Back.Hyperdrive
54%
This 2014 sci fi post apocalypse television series follows the first (mostly teenage) survivors after their return to Earth from a space habitat (the Ark).The 100
46%
He is the author of Stranger in a Strange Land and Starship Troopers.Robert Heinlein
43%
The first name of Mr. Miyazaki, founder of Studio Ghibli.Hayao
29%
This 2008 film starring Mark Wahlberg is about plants that cause people to become suicidal.The Happening
29%
He is the undesputed king of stop motion, and the man behind many of the monsters of 1950s and 1960s sci fi and fantasy movies.Ray Harryhausen
25%
This 2015 AMC series imagines a world were everyone owns a synth (artificial person).Humans
21%
This was a highly influencial graphic novel started in the seventies by Jean Giraud (and others).Heavy Metal
11%

Score Distribution

Percentile by Number Answered

Percent of People with Each Score

Your Score History

You have not taken this quiz since the last reset